Loading...
| Fine Arts - Classical Music | 4 | 7.50 | 75% | 0% | 0% |
| Fine Arts - Other Fine Arts | 2 | 20.00 | 100% | 50% | 50% |
| Geography | 3 | 10.00 | 100% | 0% | 0% |
| History - American History | 4 | 15.00 | 100% | 50% | 0% |
| History - European History | 5 | 12.00 | 100% | 0% | 20% |
| History - Other History | 6 | 13.33 | 100% | 33% | 0% |
| History - World History | 4 | 12.50 | 100% | 25% | 0% |
| Literature - American Literature | 4 | 10.00 | 100% | 0% | 0% |
| Literature - British Literature | 6 | 8.33 | 67% | 17% | 0% |
| Literature - European Literature | 4 | 10.00 | 100% | 0% | 0% |
| Literature - World Literature | 1 | 10.00 | 100% | 0% | 0% |
| Mythology | 3 | 20.00 | 100% | 33% | 67% |
| Painting/Sculpture | 5 | 14.00 | 100% | 40% | 0% |
| Philosophy | 3 | 13.33 | 67% | 33% | 33% |
| Pop Culture | 2 | 20.00 | 100% | 50% | 50% |
| Religion | 4 | 12.50 | 100% | 25% | 0% |
| Science - Biology | 2 | 10.00 | 100% | 0% | 0% |
| Science - Chemistry | 4 | 15.00 | 100% | 50% | 0% |
| Science - Other Science | 5 | 16.00 | 100% | 60% | 0% |
| Science - Physics | 2 | 5.00 | 50% | 0% | 0% |
| Social Science | 1 | 20.00 | 100% | 100% | 0% |